The design of cost management systems : text, cases, and readings
Αποθηκεύτηκε σε:
| Κύριος συγγραφέας: | |
|---|---|
| Άλλοι συγγραφείς: | |
| Μορφή: | Βιβλίο |
| Γλώσσα: | English |
| Δημοσίευση: |
Englewood Cliffs, NJ :
Prentice Hall,
c1991
|
| Σειρά: | Robert S. Kaplan series in management accounting
|
| Θέματα: | |
| Ετικέτες: |
Προσθήκη ετικέτας
Δεν υπάρχουν, Καταχωρήστε ετικέτα πρώτοι!
|
MARC
| LEADER | 00000cam a2200000 i 4500 | ||
|---|---|---|---|
| 001 | 1/32358 | ||
| 008 | 950804s1991 eng d | ||
| 020 | |a 0132041243 | ||
| 035 | |l 10023745 | ||
| 040 | |a GR-MY-UA |b gre |e aacr | ||
| 041 | 0 | |a eng | |
| 082 | 0 | |a 658.1511 | |
| 100 | 1 | |a Cooper, Robin |d 1951- | |
| 245 | 1 | 4 | |a The design of cost management systems : |b text, cases, and readings / |c Robin Cooper, Robert S. Kaplan |
| 260 | |a Englewood Cliffs, NJ : |b Prentice Hall, |c c1991 | ||
| 300 | |a xii, 580 p.; |b ill.; |c 27 cm | ||
| 490 | 1 | |a Robert S. Kaplan series in management accounting | |
| 504 | |a Includes bibliographical references | ||
| 650 | 0 | 0 | |a Managerial accounting. |
| 700 | 1 | |a Kaplan, Robert S. | |
| 830 | 0 | |a Robert S. Kaplan series in management accounting | |
| 852 | |a INST |b CHIOS |e 19950804 |h 658.1511 COO |p 005200001805 |q 005200001805 |t BK |y 0 | ||
| 909 | |a Χ |b 031036 | ||